José Gurvich : (Record no. 945)

MARC details
000 -LEADER
campo de control de longitud fija 00543nam a22001817a 4500
008 - DATOS DE LONGITUD FIJA--INFORMACIÓN GENERAL
campo de control de longitud fija 160604s2000 xxu||||| |||| 00| 0 eng d
082 ## - NÚMERO DE LA CLASIFICACIÓN DECIMAL DEWEY
Número de clasificación 708
Número de ítem G981jo
100 1# - ENTRADA PRINCIPAL--NOMBRE DE PERSONA
Nombre de persona Torres, Cecilia de.
9 (RLIN) 5161
245 10 - MENCIÓN DEL TÍTULO
Título José Gurvich :
Resto del título paintings and drawings /
Mención de responsabilidad, etc. Cecilia de Torres.
250 ## - MENCION DE EDICION
Mención de edición 1a ed.
260 ## - PUBLICACIÓN, DISTRIBUCIÓN, ETC.
Lugar de publicación, distribución, etc. Nueva York, Estados Unidos :
Nombre del editor, distribuidor, etc. Cecilia de Torres Ltd,
Fecha de publicación, distribución, etc. 2000.
300 ## - DESCRIPCIÓN FÍSICA
Extensión 50 p.
Otras características físicas il. col.
600 ## - PUNTO DE ACCESO ADICIONAL DE MATERIA--NOMBRE DE PERSONA
Nombre de persona Gurvich, José
Subdivisión cronológica 1927- 1974
9 (RLIN) 5162
653 10 - TÉRMINO DE INDIZACIÓN--NO CONTROLADO
Término no controlado Exhibiciones
653 10 - TÉRMINO DE INDIZACIÓN--NO CONTROLADO
Término no controlado Arte - Uruguay
653 10 - TÉRMINO DE INDIZACIÓN--NO CONTROLADO
Término no controlado Pintura
653 10 - TÉRMINO DE INDIZACIÓN--NO CONTROLADO
Término no controlado Dibujo
Holdings
Estatus retirado Estado de pérdida Fuente del sistema de clasificación o colocación Estado de daño No para préstamo Biblioteca de origen Biblioteca actual Ubicación en estantería Fecha de adquisición Total de préstamos Signatura topográfica completa Código de barras Visto por última vez Precio de reemplazo Tipo de ítem Koha
    Clasificación Decimal Dewey     Biblioteca LadoV Biblioteca LadoV   04/06/2016   708 G981jo 000804 04/06/2016 04/06/2016 Material 01